[Event "2nd Gujarat Open 2019"]
[Site "Ahmedabad, Gujarat"]
[Date "2019.09.23"]
[Round "3.35"]
[White "Garv Gaur"]
[Black "Nayak Rajesh"]
[Result "0-1"]
[WhiteElo "1801"]
[BlackElo "2227"]
[Annotator "NA"]
[PlyCount "100"]
[EventDate "2019.09.22"]
[EventCountry "IND"]
[SourceTitle "playchess.com"]
[Source "ChessBase"]
[SourceQuality "1"]
[TimeControl "5400+30"]

1. d4 {[%emt 0:00:00]} Nf6 {[%emt 0:06:55]} 2. Nf3 {[%emt 0:00:23]} g6 {[%emt 0:00:31]} 3. c4 {[%emt 0:00:31]} Bg7 {[%emt 0:00:42]} 4. g3 {[%emt 0:00:51]} O-O {[%emt 0:00:33]} 5. Bg2 {[%emt 0:00:20]} d6 {[%emt 0:00:32]} 6. O-O {[%emt 0:00:22]} Nc6 {[%emt 0:01:02]} 7. Nc3 {[%emt 0:00:45]} Bg4 {[%emt 0:00:37]} 8. d5 {[%emt 0:08:02]} Na5 {[%emt 0:06:32]} 9. Qd3 {[%emt 0:03:09]} Nd7 {[%emt 0:13:47]} 10. b3 {[%emt 0:20:02]} c5 {[%emt 0:09:49]} 11. Bb2 {[%emt 0:04:49]} a6 {[%emt 0:03:44]} 12. h3 {[%emt 0:06:33]} Bxf3 {[%emt 0:00:48]} 13. exf3 {[%emt 0:00:45]} Rb8 {[%emt 0:07:50]} 14. Rab1 {[%emt 0:07:37]} b5 {[%emt 0:07:39]} 15. cxb5 {[%emt 0:04:40]} c4 {[%emt 0:12:46]} 16. bxc4 {[%emt 0:04:49]} Ne5 {[%emt 0:01:51]} 17. Qc2 {[%emt 0:05:40]} Nexc4 {[%emt 0:00:56]} 18. Qd3 {[%emt 0:09:50]} axb5 {[%emt 0:02:36]} 19. Nd1 {[%emt 0:02:19]} Nxb2 {[%emt 0:00:49]} 20. Nxb2 {[%emt 0:00:04]} Qd7 {[%emt 0:00:38]} 21. Rfc1 {[%emt 0:02:00]} Rfc8 {[%emt 0:02:24]} 22. Nd1 {[%emt 0:02:28]} Rc5 {[%emt 0:02:18]} 23. Ne3 {[%emt 0:01:46]} Nb7 {[%emt 0:03:06]} 24. Rc2 {[%emt 0:03:04]} Rbc8 {[%emt 0:02:53]} 25. Rxc5 {[%emt 0:01:15]} Nxc5 {[%emt 0:05:47]} 26. Qxb5 {[%emt 0:02:16]} Qxb5 {[%emt 0:00:11]} 27. Rxb5 {[%emt 0:00:06]} Ra8 {[%emt 0:00:10]} 28. f4 {[%emt 0:03:30]} f5 {[%emt 0:03:05]} 29. Rb1 {[%emt 0:03:28]} Rxa2 {[%emt 0:00:28]} 30. Rc1 {[%emt 0:01:06]} Kf7 {[%emt 0:01:34]} 31. Rc2 {[%emt 0:00:36]} Ra1+ {[%emt 0:00:23]} 32. Kh2 {[%emt 0:00:12]} h5 {[%emt 0:00:28]} 33. Rd2 {[%emt 0:01:57]} Bc3 {[%emt 0:01:11]} 34. Rc2 {[%emt 0:00:15]} Bd4 {[%emt 0:00:18]} 35. Rd2 {[%emt 0:00:56]} Bxe3 {[%emt 0:00:18]} 36. fxe3 {[%emt 0:00:01]} Re1 {[%emt 0:00:09]} 37. Bf3 {[%emt 0:01:05]} Rxe3 {[%emt 0:00:14]} 38. Kg2 {[%emt 0:00:02]} h4 {[%emt 0:01:49]} 39. gxh4 {[%emt 0:00:41]} Nd3 {[%emt 0:00:32]} 40. Kg3 {[%emt 0:00:56]} Ne1 {[%emt 0:00:33]} 41. Rf2 {[%emt 0:00:33]} Rxf3+ {[%emt 0:01:24]} 42. Rxf3 {[%emt 0:00:02]} Nxf3 {[%emt 0:00:05]} 43. Kxf3 {[%emt 0:00:06]} e5 {[%emt 0:00:05]} 44. Ke3 {[%emt 0:00:16]} Ke7 {[%emt 0:00:12]} 45. Kf3 {[%emt 0:00:21]} Kf6 {[%emt 0:00:45]} 46. Ke3 {[%emt 0:00:05]} Kg7 {[%emt 0:00:05]} 47. Kf3 {[%emt 0:00:05]} e4+ {[%emt 0:00:20]} 48. Ke3 {[%emt 0:00:05]} Kh6 {[%emt 0:00:13]} 49. Kf2 {[%emt 0:00:09]} Kh5 {[%emt 0:00:17]} 50. Kg3 {[%emt 0:00:05]} e3 {[%emt 0:00:21]} 0-1

[Event "2nd Gujarat Open 2019"]
[Site "Ahmedabad, Gujarat"]
[Date "2019.09.23"]
[Round "3.36"]
[White "Deshmukh, Anup"]
[Black "Sreekar J S S"]
[Result "1-0"]
[WhiteElo "2193"]
[BlackElo "1818"]
[Annotator "NA"]
[PlyCount "143"]
[EventDate "2019.09.22"]
[EventCountry "IND"]
[SourceTitle "playchess.com"]
[Source "ChessBase"]
[SourceQuality "1"]
[TimeControl "5400+30"]

1. c4 {[%emt 0:00:00]} e5 {[%emt 0:00:00]} 2. Nc3 {[%emt 0:00:10]} Nf6 {[%emt 0:02:13]} 3. Nf3 {[%emt 0:00:11]} Nc6 {[%emt 0:00:14]} 4. g3 {[%emt 0:00:02]} d5 {[%emt 0:00:15]} 5. cxd5 {[%emt 0:00:08]} Nxd5 {[%emt 0:00:10]} 6. Bg2 {[%emt 0:00:11]} Nb6 {[%emt 0:00:23]} 7. O-O {[%emt 0:00:11]} Be7 {[%emt 0:00:13]} 8. d3 {[%emt 0:00:14]} O-O {[%emt 0:00:53]} 9. Be3 {[%emt 0:01:00]} Be6 {[%emt 0:09:21]} 10. a3 {[%emt 0:00:23]} Nd5 {[%emt 0:15:20]} 11. Nxd5 {[%emt 0:02:48]} Bxd5 {[%emt 0:00:17]} 12. Qa4 {[%emt 0:00:30]} Re8 {[%emt 0:00:30]} 13. Rac1 {[%emt 0:00:30]} Bf8 {[%emt 0:00:30]} 14. Rfd1 {[%emt 0:00:30]} Qd7 {[%emt 0:00:30]} 15. Bc5 {[%emt 0:00:30]} Rad8 {[%emt 0:00:30]} 16. Bxf8 {[%emt 0:00:30]} Rxf8 {[%emt 0:00:30]} 17. e4 {[%emt 0:15:00]} Be6 {[%emt 0:26:21]} 18. Qb5 {[%emt 0:00:43]} Bg4 {[%emt 0:07:38]} 19. Qxb7 {[%emt 0:01:08]} Bxf3 {[%emt 0:01:00]} 20. Bxf3 {[%emt 0:00:03]} Nd4 {[%emt 0:00:13]} 21. Kg2 {[%emt 0:00:30]} c6 {[%emt 0:00:30]} 22. Qxd7 {[%emt 0:00:30]} Rxd7 {[%emt 0:00:30]} 23. Rc5 {[%emt 0:00:30]} f6 {[%emt 0:00:30]} 24. Bg4 {[%emt 0:00:30]} Rb7 {[%emt 0:00:30]} 25. b4 {[%emt 0:00:30]} g6 {[%emt 0:00:30]} 26. Rdc1 {[%emt 0:00:30]} Kg7 {[%emt 0:00:30]} 27. Bd1 {[%emt 0:00:30]} Rb6 {[%emt 0:00:30]} 28. f4 {[%emt 0:00:30]} Re8 {[%emt 0:00:30]} 29. fxe5 {[%emt 0:00:30]} fxe5 {[%emt 0:00:30]} 30. Ra5 {[%emt 0:00:30]} Re7 {[%emt 0:00:30]} 31. h4 {[%emt 0:00:30]} Rb5 {[%emt 0:00:30]} 32. Ra6 {[%emt 0:00:30]} Rb6 {[%emt 0:00:30]} 33. Ra4 {[%emt 0:00:30]} Rc7 {[%emt 0:00:30]} 34. Ra5 {[%emt 0:00:30]} Rb5 {[%emt 0:00:30]} 35. Rc5 {[%emt 0:00:30]} Rxa5 {[%emt 0:00:30]} 36. Rxa5 {[%emt 0:00:30]} Kf6 {[%emt 0:27:02]} 37. Kf2 {[%emt 0:25:39]} Ke6 {[%emt 0:01:00]} 38. Ke3 {[%emt 0:00:49]} Kd6 {[%emt 0:00:11]} 39. Ra6 {[%emt 0:02:02]} Ke7 {[%emt 0:05:14]} 40. Ba4 {[%emt 0:01:23]} Kd7 {[%emt 0:00:31]} 41. g4 {[%emt 0:01:34]} h6 {[%emt 0:01:14]} 42. g5 {[%emt 0:01:59]} hxg5 {[%emt 0:00:08]} 43. hxg5 {[%emt 0:00:08]} Ke7 {[%emt 0:00:53]} 44. Bd1 {[%emt 0:02:43]} Kd6 {[%emt 0:00:31]} 45. Ba4 {[%emt 0:00:47]} Ke7 {[%emt 0:00:13]} 46. Kd2 {[%emt 0:01:30]} Nf3+ {[%emt 0:00:37]} 47. Ke3 {[%emt 0:01:11]} Nd4 {[%emt 0:00:07]} 48. Kd2 {[%emt 0:01:25]} Nf3+ {[%emt 0:00:07]} 49. Kc3 {[%emt 0:01:17]} Nd4 {[%emt 0:01:10]} 50. Kc4 {[%emt 0:00:54]} Kd7 {[%emt 0:00:17]} 51. Bd1 {[%emt 0:03:56]} Ke7 {[%emt 0:00:39]} 52. a4 {[%emt 0:00:56]} Kd6 {[%emt 0:00:44]} 53. b5 {[%emt 0:00:31]} Ke7 {[%emt 0:00:27]} 54. b6 {[%emt 0:05:24]} axb6 {[%emt 0:00:15]} 55. Rxb6 {[%emt 0:00:02]} Kd6 {[%emt 0:00:41]} 56. Rb8 {[%emt 0:00:13]} Rg7 {[%emt 0:00:30]} 57. Rd8+ {[%emt 0:04:35]} Ke7 {[%emt 0:00:14]} 58. Ra8 {[%emt 0:00:30]} Kd6 {[%emt 0:00:10]} 59. a5 {[%emt 0:00:29]} Nb5 {[%emt 0:01:19]} 60. Rf8 {[%emt 0:02:40]} Kc7 {[%emt 0:00:37]} 61. Rf6 {[%emt 0:01:31]} Nd4 {[%emt 0:00:29]} 62. Kc5 {[%emt 0:24:10]} Re7 {[%emt 0:00:33]} 63. Bg4 {[%emt 0:00:00]} Nb3+ {[%emt 0:00:29]} 64. Kb4 {[%emt 0:00:00]} Nd4 {[%emt 0:00:27]} 65. Rxg6 {[%emt 0:00:00]} Kb7 {[%emt 0:00:18]} 66. Rg8 {[%emt 0:00:00]} Kc7 {[%emt 0:00:44]} 67. g6 {[%emt 0:00:00]} Kd6 {[%emt 0:00:18]} 68. a6 {[%emt 0:03:00]} Ra7 {[%emt 0:00:34]} 69. Rd8+ {[%emt 0:00:00]} Ke7 {[%emt 0:00:31]} 70. g7 {[%emt 0:00:00]} c5+ {[%emt 0:00:43]} 71. Kc4 {[%emt 0:00:00]} Kxd8 {[%emt 0:00:28]} 72. g8=Q+ {[%emt 0:00:00]} 1-0

[Event "2nd Gujarat Open 2019"]
[Site "Ahmedabad, Gujarat"]
[Date "2019.09.24"]
[Round "4.1"]
[White "Rozum, Ivan"]
[Black "Hesham, Abdelrahman"]
[Result "1-0"]
[WhiteElo "2596"]
[BlackElo "2396"]
[Annotator "TA"]
[PlyCount "95"]
[EventDate "2019.09.22"]
[EventCountry "IND"]
[SourceTitle "playchess.com"]
[Source "ChessBase"]
[SourceQuality "1"]

{[%evp 15,95,4,11,7,47,50,95,67,70,42,60,63,66,68,64,56,62,73,195,192,172,116,114,120,113,111,92,100,108,89,103,108,138,104,188,188,188,188,254,233,226,229,250,224,232,231,215,188,259,188,302,308,295,290,364,318,422,335,506,500,500,500,484,490,479,467,389,495,805,742,1290,1222,29970,29975,29973,29974,29979,29980,29980,29981,29979,29974]} 1. d4 Nf6 2. c4 g6 3. Nc3 Bg7 4. e4 d6 5. f4 O-O 6. Nf3 c5 7. dxc5 dxc5 8. Bd3 Nc6 9. O-O {E76: King's Indian: Four Pawns Attack: Lines specific to 6 Nf3 move-order} Nd4 10. e5 Nh5 $146 ({Predecessor:} 10... Ng4 11. h3 Nh6 12. Be3 f6 13. Nd5 Nxf3+ 14. Rxf3 b6 15. Be4 Rb8 16. Qa4 f5 {½-½ (55) Gabriel,C (2565)-Belotti,B (2444) Switzerland 2004}) 11. Ng5 {White is better.} f5 12. Be3 Bh6 13. h4 b6 14. Qd2 Bxg5 15. hxg5 h6 16. gxh6 Ng3 (16... Bb7 $16 {was necessary.}) 17. Rfd1 $18 {Qf2 is the strong threat.} e6 {[#]} 18. Bf2 ({Better is} 18. Bxd4 $1 $18 cxd4 19. Ne2) 18... Qh4 $16 {[%csl Gg3][%cal Rh4h1]} 19. Bxg3 $1 Qxg3 20. Qf2 Qxf2+ 21. Kxf2 Bb7 22. Rd2 Rad8 {[#]} 23. Rad1 $1 Rd7 24. Be2 Bc6 (24... Re7 $16 {keeps fighting.}) 25. Bf3 $1 $18 {[%cal Rf3c6]} Bxf3 26. gxf3 Kh7 (26... Rfd8 {is a better defense.} 27. b4 Kh7 28. bxc5 bxc5) 27. Nb5 Rfd8 28. Ke3 Nc2+ 29. Ke2 Nd4+ 30. Nxd4 cxd4 {[%mdl 4096] Endgame KRR-KRR} 31. Kd3 Rg8 (31... a5 $142 32. Rc1 Rc8) 32. Rg1 Rdd8 (32... a5 $142 33. Rc2 a4) 33. Rc2 Rd7 34. b4 {[%cal Bb2b4,Bb4b5][%mdl 32]} Rc8 35. c5 Rc6 36. Rgc1 bxc5 (36... Rb7 $142 37. a4 (37. Kxd4 bxc5+ 38. bxc5 Rb4+ 39. Rc4 Rb7 $16) 37... a6) 37. b5 Rb6 38. Rxc5 a6 39. a4 axb5 40. axb5 Kxh6 41. Rc8 g5 ({Avoid the trap} 41... Rxb5 $2 42. Rh8+ Kg7 43. Rch1) (41... Kg7 $142 42. R1c7 Rxc7 43. Rxc7+ Kh6) 42. Rg8 {[%cal Rc1h1]} Rg7 43. fxg5+ Kh7 44. Rxg7+ {White mates.} Kxg7 45. Rb1 f4 46. Kxd4 Kg6 47. Kc5 Rb8 48. b6 {Accuracy: White = 79%, Black = 40%.} 1-0

[Event "2nd Gujarat Open 2019"]
[Site "Ahmedabad, Gujarat"]
[Date "2019.09.24"]
[Round "4.2"]
[White "Chanda, Sandipan"]
[Black "Siddharth, Jagadeesh"]
[Result "1-0"]
[WhiteElo "2529"]
[BlackElo "2362"]
[Annotator "TA"]
[PlyCount "119"]
[EventDate "2019.09.22"]
[EventCountry "IND"]
[SourceTitle "playchess.com"]
[Source "ChessBase"]
[SourceQuality "1"]

{[%evp 18,119,0,0,0,0,-2,-26,6,6,15,4,16,15,124,91,158,159,165,156,147,138,173,164,149,149,159,66,66,67,67,68,69,38,38,38,38,38,47,38,38,38,38,38,38,38,38,48,68,38,38,21,68,0,524,524,504,0,502,459,981,920,2622,2622,2441,2440,1904,1608,4606,2046,2412,2341,2151,1835,1615,1615,1426,1408,1218,1105,1101,586,29980,29981,29981,29982,29982,29983,29983,29984,29984,29985,29985,29985,29986,29987,29987,29988,29992,29993,29993,29994,29994,29995]} 1. d4 Nf6 2. c4 e6 3. Nc3 Bb4 4. e3 O-O 5. Bd2 b6 6. Nf3 Bb7 7. Bd3 d5 8. cxd5 exd5 9. Rc1 Nbd7 10. O-O Be7 {E52: Nimzo-Indian: Rubinstein: 4...0-0 5 Nf3 d5 6 Bd3 b6} 11. Qc2 (11. Ne5 c5 12. f4 Ne4 13. Be1 Ndf6 14. Bh4 cxd4 15. exd4 Rc8 16. Bxf6 Nxf6 17. Qe2 Bb4 18. Nb5 {0-1 (41) Bauer,C (2630)-Kryvoruchko,Y (2705) Switzerland 2018}) 11... c5 12. Ne5 g6 $146 {Black has an edge.} (12... c4 {is interesting.} 13. Be2 a6 14. f4 b5 15. Bf3 Nb6) ({Predecessor:} 12... c4 13. Bf5 g6 14. Bh3 Nxe5 15. dxe5 Nd7 16. f4 Nc5 17. Ne2 Nd3 18. Rcd1 {0-1 (63) Kumar,N (2317)-Gaisinsky,A (1965) Montevideo 2017}) 13. f4 Nxe5 14. dxe5 Ne8 15. Rcd1 f6 (15... Qc7 $11) 16. Be1 fxe5 {[#]} ({Better is} 16... Qc8) 17. Nxd5 $1 $16 {[%mdl 512]} Bxd5 18. Bc4 Nc7 19. Qe4 $1 Qe8 {Hoping for ...Bxc4.} 20. Rxd5 (20. Bxd5+ $6 Nxd5 21. Rxd5 (21. Qxd5+ Qf7 $11) 21... Qc6 $14) 20... Nxd5 21. Bxd5+ Kg7 22. Bxa8 (22. Bc6 $1 $16 {[%cal Rc6e8]} Qd8 23. Bc3 (23. Bxa8 Qxa8 24. Qxa8 Rxa8 $14) (23. Qxe5+ Bf6 $15)) 22... Qxa8 $14 23. Qxa8 Rxa8 $16 {[%mdl 4096] Endgame KRB-KRB} 24. Bc3 Bf6 25. Rd1 ({Of course not} 25. Bxe5 $6 Bxe5 26. fxe5 Re8 $11) 25... Kf7 26. Rd7+ Ke6 27. Rxh7 exf4 28. Bxf6 Kxf6 29. exf4 $14 {KR-KR} Rd8 $1 30. Rxa7 Rd1+ 31. Kf2 {Threatens to win with Ke3.} Rd2+ 32. Kf3 {Strongly threatening b3.} Rxb2 33. g4 {Black must now prevent g5+.} c4 $1 34. h4 c3 35. g5+ (35. Rc7 $14) 35... Kf5 $2 {[%mdl 8192]} (35... Ke6 $11 {and Black has nothing to worry.}) 36. Re7 $1 $18 {[%csl Gf4][%cal Re7e5]} ({Weaker is} 36. Rf7+ Ke6 $1 $11 {[%mdl 512]}) 36... Rb5 37. Rf7+ Ke6 {[#]} 38. Rc7 $1 Rb2 ({Wrong is} 38... Rc5 $2 39. Rxc5 bxc5 40. Ke2) (38... Rb1 $142 39. Rxc3 Kf5) 39. Rxc3 Rxa2 40. Rc6+ Kf7 41. Rxb6 Ra1 42. Rb7+ Kg8 {[#]} 43. Rb2 (43. h5 $142 $1 Rf1+ (43... gxh5 44. g6) 44. Ke4 Re1+ 45. Kd5) 43... Ra3+ 44. Kg4 Ra1 45. Rh2 Rg1+ 46. Kf3 Rf1+ 47. Ke3 Re1+ 48. Kd4 Rf1 49. Ke5 Re1+ 50. Kf6 {White mates.} Rf1 51. Kxg6 Rxf4 52. Ra2 Rf8 53. h5 Rb8 54. Ra6 Rc8 55. Kh6 Rb8 56. g6 Rc8 57. g7 Rb8 58. Rf6 Ra8 59. Kg6 Ra6 60. h6 {Accuracy: White = 67%, Black = 46%.} 1-0

[Event "2nd Gujarat Open 2019"]
[Site "Ahmedabad, Gujarat"]
[Date "2019.09.24"]
[Round "4.3"]
[White "Saptarshi, Roy"]
[Black "Nitin, S.."]
[Result "1-0"]
[WhiteElo "2480"]
[BlackElo "2361"]
[Annotator "TA"]
[PlyCount "91"]
[EventDate "2019.09.22"]
[EventCountry "IND"]
[SourceTitle "playchess.com"]
[Source "ChessBase"]
[SourceQuality "1"]

{[%evp 9,91,-7,2,0,2,-20,-30,-53,-57,-48,-28,-27,-39,-47,-20,-37,-43,-65,-57,-63,-31,-32,-41,-46,-45,-49,-18,-33,-25,-62,-62,-71,-68,-75,-76,-123,-37,-45,-12,-12,0,-31,-29,-17,-30,-30,-30,-46,-11,-20,0,0,0,0,0,0,0,0,0,-44,-43,-33,0,-55,27,37,22,52,142,-108,-110,-98,364,331,541,528,487,147,165,154,597,464,29994,1589]} 1. e4 c5 2. Nf3 d6 3. Bc4 Nf6 4. d3 Nc6 5. h3 (5. O-O Bg4 6. h3 Bxf3 7. Qxf3 g6 8. Nc3 Bg7 9. Qd1 O-O 10. a3 a6 11. Bg5 b5 12. Ba2 Rb8 13. Qd2 {½-½ (49) Aronian,L (2765)-Ding,L (2805) Saint Louis 2019}) 5... g6 6. O-O {B50: Sicilian: 2...d6, Miscellaneous} Bg7 7. Ng5 O-O 8. f4 {Black has an edge.} e6 9. Bb3 Nd4 10. c3 Nxb3 11. axb3 b5 $146 ({Predecessor:} 11... b6 12. Be3 Bb7 {1-0 (41) Saptarshi,R (2394)-Deshmukh,A (2255) Tirupati 2012}) 12. Qe1 Bb7 13. Na3 a6 14. Be3 Qe7 15. Qh4 h6 16. Nf3 Rfe8 17. Rae1 Nd7 18. Qg3 Kh7 19. Bd2 f5 20. Nc2 Qf7 21. e5 dxe5 22. fxe5 Rad8 (22... g5 $17 {aiming for ...Qg6.} 23. h4 g4) 23. h4 $15 c4 24. bxc4 Nc5 25. Ncd4 Nxd3 {[%mdl 64] Double Attack} 26. Ng5+ $1 hxg5 27. Qxd3 g4 28. Qg3 Kg8 29. Bg5 bxc4 30. Bxd8 Rxd8 31. Qe3 Qe7 32. g3 Rd5 33. Qf4 Kh7 34. Re2 Bh6 $36 {[%mdl 2048] Black has the initiative.} 35. Qf2 Ba8 36. h5 (36. Nxe6 $11 Qxe6 37. Qa7+ {[%mdl 64] Double Attack} Bg7 38. Qxa8) 36... Qf7 ({Better is} 36... gxh5 $15 37. Nxe6 Qxe6 38. Qa7+ Bg7 39. Qxa8 Rxe5 40. Rxe5 Bxe5 41. Qb7+ Kg6) 37. Nxe6 $11 {[%mdl 64] Deflection} Qxe6 38. Qa7+ {[%mdl 64] Double Attack} Rd7 (38... Bg7 $14 39. Qxa8 a5) 39. hxg6+ $2 (39. Qxa8 $16 {is necessary to keep the advantage.} Qb6+ 40. Kh2) 39... Kxg6 $17 40. Qxa8 {[#] Ra1 is the strong threat.} Rd3 $2 {[%mdl 8192]} (40... Qb6+ $1 $17 41. Rff2 Rd8) 41. Kg2 $18 Bg5 $2 {[#]} (41... a5 {might work better.} 42. Ra1 (42. Qxa5 $2 f4 $19) 42... Qd7 43. Rxa5 Rd2 44. Ra6+ Kg5 45. Qg8+ Bg7 46. Qxc4 Bxe5) 42. Ra1 $1 {[%cal Ra1a6]} Rd6 43. exd6 $2 (43. Kf1 $18 {and White stays clearly on top.} Qd5 44. Rxa6 (44. Qe8+ Kh7 $11) 44... Qxa8 45. Rxa8 Rd1+ 46. Kf2) 43... Qxe2+ $16 44. Kh1 {Strongly threatening d7.} f4 $2 (44... Qd3 $16 {is tougher.}) 45. d7 {Threatening mate with Qe8+.} f3 (45... Bd8 $18 46. gxf4 (46. Qxd8 Qf3+ {[%mdl 64] Double Attack} 47. Kg1 Qxg3+ 48. Kf1 Qh3+ 49. Ke1 Qh1+ 50. Kf2 g3+ 51. Ke2 Qh5+ 52. Kf1 Qh1+ 53. Ke2 Qh5+ 54. Kf1 Qh1+ 55. Ke2 $11) 46... Kf7 47. Qd5+ (47. Qxd8 Qe4+ 48. Kg1 Qe3+ 49. Kg2 Qf3+ 50. Kh2 Qxf4+ 51. Kg2 Qf3+ 52. Kh2 Qf4+ 53. Kg1 Qe3+ 54. Kg2 Qf3+ 55. Kh2 Qh3+ 56. Kg1 Qe3+ 57. Kh2 Qh3+ 58. Kg1 Qe3+ $11) 47... Kf8) 46. Qe8+ {Accuracy: White = 52%, Black = 38%.} (46. Qg8+ $142 Kf5 47. Ra5+ Qe5 48. Rxe5+ Kxe5 49. Qxg5+ {[%mdl 64] Double Attack} Ke4 50. d8=Q f2 51. Qf4#) 1-0

[Event "2nd Gujarat Open 2019"]
[Site "Ahmedabad, Gujarat"]
[Date "2019.09.24"]
[Round "4.4"]
[White "Nguyen, Van Huy"]
[Black "Neelash Saha"]
[Result "1/2-1/2"]
[WhiteElo "2454"]
[BlackElo "2334"]
[Annotator "TA"]
[PlyCount "46"]
[EventDate "2019.09.22"]
[EventCountry "IND"]
[SourceTitle "playchess.com"]
[Source "ChessBase"]
[SourceQuality "1"]

{[%evp 13,46,12,11,7,10,8,6,9,7,18,34,0,0,0,0,0,0,8,0,0,0,0,0,0,0,0,0,0,0,0,0,0,0,0,0]} 1. d4 Nf6 2. Nf3 e6 3. c4 d5 4. g3 Be7 5. Bg2 O-O 6. O-O dxc4 7. Qc2 b5 8. a4 {E05: Open Catalan: 5 Nf3 Be7} b4 9. Nfd2 (9. Nbd2 Bb7 10. Nxc4 c5 11. Rd1 Be4 12. Qb3 Nc6 13. dxc5 Na5 14. Nxa5 Qxa5 15. Ne5 Rac8 16. Bf4 Bxc5 17. Rac1 Bxg2 18. Kxg2 Qa6 19. Rc2 Bd6 20. Nd7 Rxc2 21. Qxc2 Rc8 22. Nxf6+ {½-½ (22) Yu,Y (2736)-Grischuk,A (2766) Riga 2019}) 9... c6 10. Nxc4 Qxd4 11. Rd1 Qc5 12. Nbd2 {[%mdl 1024] White has compensation.} (12. Be3 $5 {[%cal Re3c5]} Qh5 13. Bf3 $11) 12... Ba6 {The position is equal.} 13. b3 $1 Nbd7 14. Bb2 Rad8 ({Don't go for} 14... Ng4 $2 15. Ne4 $18) 15. Rac1 Nb6 16. Bxf6 gxf6 17. Ne4 $146 Qf5 18. Nxb6 axb6 19. Qxc6 Rxd1+ 20. Rxd1 Bxe2 21. Re1 {Black must now prevent Qd7.} Bf3 {[#]} 22. Nxf6+ $1 {[%mdl 512]} Qxf6 (22... Bxf6 23. Bxf3) 23. Qxf3 Qxf3 {Accuracy: White = 87%, Black = 97%.} 1/2-1/2

[Event "2nd Gujarat Open 2019"]
[Site "Ahmedabad, Gujarat"]
[Date "2019.09.24"]
[Round "4.5"]
[White "Das, Sayantan"]
[Black "Pranav Vijay"]
[Result "1-0"]
[WhiteElo "2434"]
[BlackElo "2265"]
[Annotator "TA"]
[PlyCount "129"]
[EventDate "2019.09.22"]
[EventCountry "IND"]
[SourceTitle "playchess.com"]
[Source "ChessBase"]
[SourceQuality "1"]

{[%evp 10,128,34,31,26,19,18,22,28,19,9,-3,0,14,32,41,55,59,69,66,103,73,79,79,83,79,84,88,96,86,124,127,106,134,125,105,136,62,72,58,100,75,91,86,258,261,235,69,320,342,449,420,548,548,523,529,672,656,809,509,616,585,541,443,638,494,473,452,1042,1037,4062,694,837,833,741,687,667,667,589,562,667,629,6670,6099,6053,883,891,882,860,842,4862,4862,2057,544,5165,5158,5089,5021,5081,4134,5073,4689,3772,1668,2268,995,29981,29982,29982,29983,29983,29984,29985,29986,29985,29984,29984,29983,29983,29984,29999]} 1. Nf3 Nf6 2. c4 e6 3. g3 a6 4. Bg2 b5 5. b3 Bb7 6. O-O d6 {A13: English Opening: 1...e6} (6... Be7 7. Nc3 b4 8. Na4 O-O 9. d4 d6 10. d5 exd5 11. Nh4 c5 12. Nf5 Re8 13. cxd5 Bf8 14. Re1 a5 15. e4 Nbd7 16. Nb2 Nb6 17. Bf4 Bc8 {½-½ (54) Ding,L (2812)-Maghsoodloo,P (2673) Astana 2019}) 7. Na3 Qd7 8. Bb2 Be7 {The position is equal.} 9. d4 O-O 10. Qc2 b4 11. Nb1 Qc8 12. Nbd2 Nbd7 13. e4 c5 14. d5 e5 $146 15. Nh4 g6 16. Bh3 Qd8 17. Ng2 Re8 18. f4 Bf8 19. Nf3 a5 20. fxe5 Nxe5 21. Nxe5 dxe5 22. a3 Ra6 23. axb4 (23. Ne1 $1 $16) 23... cxb4 $14 24. Ne1 Qc7 25. Kh1 h5 26. Qe2 Bc8 $2 (26... a4 $16) 27. Bxc8 $18 Qxc8 {[#]} 28. Nd3 $2 ({Only move:} 28. c5 $1 $18 {[%mdl 512]}) 28... Nd7 $2 {[%mdl 8192] [#]} ({Better is} 28... Qg4 $14 29. Rfe1 Qxe2 30. Rxe2 Nd7) 29. c5 $1 {[%cal Rc5c6][%mdl 512]} Bxc5 (29... Nxc5 30. Rac1) 30. Rac1 Rf8 {If only Black now had time for ...a4....} 31. Nxc5 Nxc5 32. Qe3 a4 {Black hopes to continue with ...a3.} 33. Rxc5 Qh3 34. Rcc1 axb3 35. Qxb3 h4 36. Qf3 Ra2 (36... hxg3 $142 37. Rc2 g2+ 38. Rxg2 Qxf3 39. Rxf3 Rc8 40. Bxe5 Re8) 37. Rf2 hxg3 38. Qxg3 Qh5 (38... Qxg3 $142 39. hxg3 f5 40. exf5 gxf5) 39. d6 Rd8 {[#]} 40. Kg1 (40. Qb3 $142 $1 Ra7 41. Rcf1) 40... Ra5 41. Rd2 Ra2 42. d7 {aiming for Rc8!} Rxb2 43. Rxb2 {Black must now prevent Rd2.} Rxd7 44. Rf2 b3 45. Rcf1 Kf8 46. Kh1 Rb7 47. Rb2 Kg8 48. Rxb3 Qe2 49. Qf3 ({Weaker is} 49. Rxb7 Qxf1+ 50. Qg1 Qf3+ 51. Qg2 Qd1+ 52. Qg1 Qf3+ 53. Qg2 Qd1+ 54. Qg1 Qf3+ $11) 49... Qxf1+ 50. Qxf1 Rxb3 {[%mdl 4096] Endgame KQ-KR} 51. Qf6 Re3 52. Qxe5 Re2 53. Kg1 Ra2 54. Qc5 Kg7 55. Qc3+ Kg8 56. h4 Re2 {[#]} 57. Qc4 $1 Rb2 58. Qc8+ {White mates.} Kh7 59. Qf8 Rb7 60. Kf2 Ra7 61. Kg3 Rb7 62. Kf4 Ra7 63. Kg5 Ra5+ 64. Kf6 {[%csl Gf6][%cal Rf8g7]} Ra7 65. Qg7# {Accuracy: White = 59%, Black = 23%.} 1-0